| 000 | 01214 a2200217 4500 | ||
|---|---|---|---|
| 001 | 60404 | ||
| 005 | 20260407155855.0 | ||
| 008 | 260407a1999 arg spa d | ||
| 003 | AR-UNSa-BCEJYS | ||
| 040 |
_aAR-UNSa-BCEJYS _bspa _cAR-UNSa-BCEJYS |
||
| 080 |
_a321.01 _xTeoría general del Estado. Teoría y filosofía del poder. Estado y territorio. Autoridad y oposición. Usurpación (Filosofía política) |
||
| 245 | 1 | 0 |
_aIntroducción a la filosofía política _pDemocracia y revolucíón |
| 020 | _a978-84-493-0679-2 | ||
| 264 | 1 |
_aBarcelona : _bPaidós _c1999 |
|
| 300 |
_a286 p. _c20 cm. |
||
| 505 | _a1. Tentativa de definición de la democracia - 2. Ideas y realidades democráticas – 3. La inestabilidad de las democracias. Sus causas – 4. Corrupción de las democracias – 5. La acción propia del sistema de competición – 6. Los méritos y los inconvenientes del sistema democrático – 7. Las ideas fundamentales de la doctrina marxista – 8. La transformación del marxismo en milenarismo – 9. Las instituciones de las democracias populares – 10. Democracia y revolución - | ||
| 041 | _aspa | ||
| 942 | _cBK | ||
| 590 | _aniveau_biblio:m niveau_hierar:0 | ||
| 100 | 1 | _aAron, Raymond | |
| 999 |
_c6972 _d6972 |
||